Protocolo: proceso electoral costarricense accesible a las personas con discapacidad y adultas mayores /
Збережено в:
| Співавтори: | , |
|---|---|
| Формат: | Текст |
| Мова: | Spanish |
| Опубліковано: |
San José:
Tribunal Supremo de Elecciones
|
| Предмети: | |
| Теги: |
Додати тег
Немає тегів, Будьте першим, хто поставить тег для цього запису!
|
MARC
| LEADER | 00000 a a2200000 04500 | ||
|---|---|---|---|
| 001 | 35462 | ||
| 003 | cru CIDCACS/IIS | ||
| 005 | 20231030103013.0 | ||
| 008 | 170406b xxu||||| |||| 00| 0 spa d | ||
| 040 | |c cru CIDCACS/IIS |a cru CIDCACS/IIS | ||
| 090 | |a 04.04.02 C837pr | ||
| 110 | |a Costa Rica. Tribunal Supremo de Eleciones | ||
| 245 | |a Protocolo: proceso electoral costarricense accesible a las personas con discapacidad y adultas mayores / |c Tribunal Supremo de Eleciones de Costa Rica | ||
| 260 | |a San José: |b Tribunal Supremo de Elecciones | ||
| 300 | |a 87 p. | ||
| 650 | |a ELECCIONES | ||
| 650 | |a DISCAPACIDAD | ||
| 650 | |a ADULTEZ MAYOR | ||
| 650 | |a COSTA RICA | ||
| 710 | |a Tribunal Supremo de Eleciones | ||
| 942 | |2 z |c LI |h 04.04.02 C837pr |i 02866 |i 02854 |6 040402_C837PR_02866__02854 | ||
| 999 | |c 10980 |d 10980 | ||
